[Event "Cearense Interioran op"]
[Site "Fortaleza"]
[Date "2017.09.12"]
[Round "4"]
[White "Marques, Wesley Pinheiro"]
[Black "Bezerra, Alessandro Marinho"]
[Result "0-1"]
[WhiteElo "1733"]
[BlackElo "1899"]
[PlyCount "52"]
[EventDate "2017.09.09"]
[EventType "swiss"]
[EventRounds "5"]
[EventCountry "BRA"]
[SourceTitle "EXT 2019"]
[Source "ChessBase"]
[SourceDate "2018.10.10"]
[SourceVersion "1"]
[SourceVersionDate "2018.10.10"]
[SourceQuality "1"]

1. e4 d6 2. Nf3 g6 3. Bc4 Bg7 4. Ng5 e6 5. Qf3 Qxg5 6. d4 Qxc1+ 7. Ke2 Qxh1 8. c3 Qc1 9. b4 Qb2+ 10. Nd2 Qxa1 11. d5 Qxc3 12. Qxc3 Bxc3 13. dxe6 Bxe6 14. Bxe6 fxe6 15. Nc4 Bxb4 16. a3 Bc5 17. f4 Nf6 18. e5 dxe5 19. Nxe5 Nbd7 20. Nc4 0-0-0 21. a4 Rhe8 22. Kf3 e5 23. fxe5 Nxe5+ 24. Nxe5 Rxe5 25. h3 Rd3+ 26. Kf4 Rf5# 0-1

[Event "Cearense Interioran op"]
[Site "Fortaleza"]
[Date "2017.09.09"]
[Round "1"]
[White "De Medeiros Amorim, Daniel Madson"]
[Black "Marques, Wesley Pinheiro"]
[Result "1-0"]
[WhiteElo "2155"]
[BlackElo "1733"]
[PlyCount "79"]
[EventDate "2017.09.09"]
[EventType "swiss"]
[EventRounds "5"]
[EventCountry "BRA"]
[SourceTitle "EXT 2019"]
[Source "ChessBase"]
[SourceDate "2018.10.10"]
[SourceVersion "1"]
[SourceVersionDate "2018.10.10"]
[SourceQuality "1"]

1. c4 e5 2. g3 Nf6 3. Bg2 Bc5 4. Nc3 Nc6 5. Nf3 0-0 6. d3 h6 7. 0-0 d6 8. a3 a6 9. b4 Ba7 10. Bb2 Re8 11. Nd5 Nd4 12. e3 Nxf3+ 13. Qxf3 Bg4 14. Nxf6+ Qxf6 15. Qxg4 c6 16. d4 exd4 17. Bxd4 Bxd4 18. Qxd4 Qe6 19. Rad1 Rad8 20. Rd2 Rd7 21. Rfd1 Red8 22. a4 c5 23. Qd5 Qg4 24. h3 Qg6 25. Be4 Qf6 26. Qf5 Qxf5 27. Bxf5 Rc7 28. b5 g6 29. Bg4 axb5 30. axb5 b6 31. Rxd6 Rxd6 32. Rxd6 h5 33. Bf3 Ra7 34. Bd5 Ra1+ 35. Kg2 Kg7 36. Rxb6 Ra7 37. Rb7 Rxb7 38. Bxb7 Kf8 39. Bd5 Ke7 40. Bxf7 1-0